First 300 Words: Genesis (NIV) Quiz Stats

 Plays Quiz Updated Jun 30, 2015

Challenge
Share
Tweet
Embed
Score 0/300 Timer 20:00
1 Play Today
% Correct
the
98.5%
the
98.5%
the
98.5%
the
98.5%
the
98.5%
the
98.5%
the
98.5%
the
98.5%
the
98.5%
the
98.5%
the
98.5%
the
98.5%
the
98.5%
the
98.5%
the
98.5%
the
98.5%
the
98.5%
the
98.5%
the
98.5%
the
98.5%
the
98.5%
the
98.5%
the
98.5%
the
98.5%
the
98.5%
the
98.5%
the
98.5%
The
98.5%
the
98.5%
the
98.5%
the
98.5%
the
98.5%
the
98.5%
the
98.5%
the
98.5%
a
96.2%
God
95.6%
God
95.6%
God
95.6%
God
95.6%
God
95.6%
God
95.6%
God
95.6%
God
95.6%
God
95.6%
God
95.6%
God
95.6%
God
95.6%
God
95.6%
God
95.6%
In
95.5%
in
95.5%
in
95.5%
in
95.5%
in
95.5%
be
95.3%
be
95.3%
be
95.3%
be
95.3%
be
95.3%
and
93.7%
and
93.7%
and
93.7%
And
93.7%
and
93.7%
and
93.7%
and
93.7%
And
93.7%
and
93.7%
And
93.7%
and
93.7%
And
93.7%
And
93.7%
and
93.7%
And
93.7%
and
93.7%
And
93.7%
and
93.7%
And
93.7%
and
93.7%
And
93.7%
and
93.7%
And
93.7%
And
93.7%
and
93.7%
And
93.7%
and
93.7%
and
93.7%
and
93.7%
and
93.7%
beginning
92.1%
earth.
91.3%
earth
91.3%
he
90.5%
he
90.5%
he
90.5%
was
90.5%
was
90.5%
was
90.5%
was
90.5%
% Correct
was
90.5%
was
90.5%
was
90.5%
was
90.5%
was
90.5%
was
90.5%
was
90.5%
was
90.5%
was
90.5%
was
90.5%
was
90.5%
was
90.5%
created
88.8%
light,'
86.4%
light.
86.4%
light
86.4%
light
86.4%
light
86.4%
light
86.4%
there
84.5%
there
84.5%
there
84.5%
there
84.5%
there
84.5%
there
84.5%
there
84.5%
there
84.5%
there
84.5%
there
84.5%
heavens
82.4%
'day,'
80.5%
day.
80.5%
day.
80.5%
day.
80.5%
day
80.5%
good,
79.7%
good.
79.7%
good.
79.7%
'Let
78.6%
'Let
78.6%
'Let
78.6%
let
78.6%
'Let
78.6%
'Let
78.6%
let
78.6%
let
78.6%
it.
77.8%
it
77.8%
it
77.8%
it
77.8%
it,
77.8%
it
77.8%
it
77.8%
it
77.8%
said,
75.9%
said,
75.9%
said,
75.9%
said,
75.9%
said,
75.9%
water
74.5%
water.'
74.5%
water
74.5%
water
74.5%
water
74.5%
'night.'
71.6%
night,
71.6%
first
71.1%
darkness
71%
darkness.
71%
darkness
71%
that
68.7%
that
68.7%
that
68.7%
that
68.7%
saw
68.1%
saw
68.1%
saw
68.1%
on
67.3%
on
67.3%
second
67.2%
'land,'
65.1%
land
65.1%
land
65.1%
land
65.1%
third
64.5%
'sky.'
64.1%
sky
64.1%
sky
64.1%
sky
64.1%
called
63%
called
63%
called
63%
called
63%
called
63%
of
59.5%
of
59.5%
of
59.5%
of
59.5%
to
57.4%
to
57.4%
% Correct
to
57.4%
to
57.4%
to
57.4%
to
57.4%
to
57.4%
to
57.4%
from
56.1%
from
56.1%
from
56.1%
from
56.1%
Then
55.8%
So
55.4%
so.
55.4%
so.
55.4%
so.
55.4%
made
54.2%
separate
46.6%
separate
46.6%
seas.'
46.3%
with
45%
with
45%
over
43.8%
over
43.8%
separated
40.8%
separated
40.8%
waters.
40.7%
waters
40.7%
waters
40.7%
morning-
39.7%
morning-
39.7%
morning-
39.7%
evening,
38.8%
evening,
38.8%
evening,
38.8%
plants
38.6%
plants
38.6%
above
35.9%
trees
35.8%
trees
35.8%
dry
33.1%
dry
33.1%
under
32.5%
under
32.5%
empty,
30.3%
ground
30.3%
ground
30.3%
Now
30%
formless
29.8%
Spirit
29.7%
as
27.9%
one
27.5%
fruit
27%
fruit
27%
deep,
25.5%
them
24.4%
them
24.4%
lights
22.3%
lights
22.3%
their
22.3%
their
22.3%
their
22.3%
bear
22.2%
place,
21.9%
between
21.8%
hovering
21.6%
seed
21.5%
seed
21.5%
seed
21.5%
surface
20.8%
days
19.1%
give
18.8%
produce
18.7%
gathered
16.2%
gathered
16.2%
vault
16%
vault
16%
vault
16%
vault
16%
vault
16%
vault
16%
vegetation:
15.8%
vegetation:
15.8%
appear.'
15.1%
bearing
15%
bearing
15%
kinds.'
14.5%
kinds
14.5%
kinds.
14.5%
produced
13.4%
according
12.5%
according
12.5%
according
12.5%
years,
12.5%
times,
11.9%
mark
11.1%
seed-bearing
11%
various
10.6%
signs
10.3%
sacred
9.7%
serve
9.7%

You're not logged in!

Compare scores with friends on all Sporcle quizzes.
Join for Free
OR
Log In

You Might Also Like...

Show Comments

Extras

Top Quizzes Today


Score Distribution

Your Account Isn't Verified!

In order to create a playlist on Sporcle, you need to verify the email address you used during registration. Go to your Sporcle Settings to finish the process.

Report this User

Report this user for behavior that violates our Community Guidelines.

Details: